[Event "Dresden ZMDI Blitz"]
[Site "Dresden"]
[Date "2011.08.11"]
[Round "6"]
[White "Zilch, Lothar"]
[Black "Lienau, Henrik"]
[Result "1-0"]
[WhiteElo "2013"]
[BlackElo "1780"]
[PlyCount "55"]
[EventDate "2011.08.06"]
[EventType "swiss (blitz)"]
[EventRounds "9"]
[EventCountry "GER"]
[SourceTitle "EXT 2022"]
[Source "ChessBase"]
[SourceDate "2021.10.06"]
[SourceVersion "1"]
[SourceVersionDate "2021.10.06"]
[SourceQuality "1"]

1. c4 Nf6 2. Nc3 g6 3. d4 Bg7 4. e4 d6 5. Be2 0-0 6. Bg5 Nc6 7. d5 Nb8 8. Qd2 e5 9. Bh6 Ne8 10. 0-0-0 f5 11. exf5 Bxf5 12. Rf1 Nf6 13. Bxg7 Kxg7 14. f3 Na6 15. g4 Bd7 16. h4 Nc5 17. Nh3 a6 18. b4 Na4 19. Nxa4 Bxa4 20. f4 Qe7 21. f5 Be8 22. g5 gxf5 23. gxf6+ Rxf6 24. Rhg1+ Kh8 25. Qg5 Bd7 26. Rf2 Raf8 27. Rfg2 Qd8 28. Qg7# 1-0

[Event "Dortmund Sparkassen op-A"]
[Site "Dortmund"]
[Date "2010.07.18"]
[Round "2"]
[White "Butschek, Tanja"]
[Black "Lienau, Henrik"]
[Result "1-0"]
[WhiteElo "2040"]
[BlackElo "1763"]
[PlyCount "64"]
[EventDate "2010.07.17"]
[EventType "swiss"]
[EventRounds "9"]
[EventCountry "GER"]
[SourceTitle "CBM 137 Extra"]
[Source "ChessBase"]
[SourceDate "2010.09.01"]
[SourceVersion "1"]
[SourceVersionDate "2010.09.01"]
[SourceQuality "1"]

1. e4 c5 2. Nf3 g6 3. d4 cxd4 4. Qxd4 Nf6 5. Nc3 Nc6 6. Qa4 d6 7. e5 dxe5 8. Nxe5 Bd7 9. Nxd7 Qxd7 10. Bb5 Bg7 11. 0-0 0-0 12. Rd1 Qe6 13. Bf4 a6 14. Bxc6 Qxc6 15. Qxc6 bxc6 16. Rd3 Rfd8 17. Rad1 Rxd3 18. Rxd3 Kf8 19. Be5 Ke8 20. Na4 Bh6 21. Nc5 Nd5 22. Rh3 Bf8 23. Rxh7 Nb4 24. Rh8 f6 25. Ne6 Kf7 26. Bc3 Nxc2 27. Rxf8+ Rxf8 28. Nxf8 Kxf8 29. Kf1 c5 30. Ke2 Nd4+ 31. Bxd4 cxd4 32. h4 f5 1-0

[Event "GER-chT U14"]
[Site "Arendsee"]
[Date "2009.12.28"]
[Round "3.1"]
[White "Osmanodja, Filiz"]
[Black "Lienau, Henrik"]
[Result "1-0"]
[WhiteElo "2034"]
[BlackElo "1707"]
[PlyCount "105"]
[EventDate "2009.12.27"]
[EventType "team-swiss"]
[EventRounds "7"]
[EventCountry "GER"]
[SourceTitle "EXT 2022"]
[Source "ChessBase"]
[SourceDate "2021.10.06"]
[SourceVersion "1"]
[SourceVersionDate "2021.10.06"]
[SourceQuality "1"]
[WhiteTeam "Dresden USV TU U14"]
[BlackTeam "Stader SV U14"]
[WhiteTeamCountry "GER"]
[BlackTeamCountry "GER"]

1. e4 c5 2. Nf3 d6 3. d4 cxd4 4. Nxd4 Nf6 5. Nc3 g6 6. Be3 Bg7 7. f3 0-0 8. Qd2 Nc6 9. Bc4 Bd7 10. 0-0-0 Rc8 11. Bb3 Ne5 12. Kb1 a5 13. a4 Nc4 14. Bxc4 Rxc4 15. b3 Rc8 16. Ndb5 Bxb5 17. Nxb5 Nd7 18. Bd4 Ne5 19. h4 h5 20. Qf2 Qd7 21. Bb2 Nc6 22. g4 Bxb2 23. Kxb2 hxg4 24. h5 g5 25. Qe3 f6 26. Rhg1 Ne5 27. f4 gxf4 28. Qxf4 Kh7 29. Nd4 Rg8 30. Nf5 Rg5 31. Rg2 Qc7 32. Nd4 Qd7 33. Nf5 Qc7 34. Nd4 Qd7 35. Kb1 Kh8 36. Rdg1 Kh7 37. Rh1 Rcg8 38. Rhg1 Rxh5 39. Rh2 Rxh2 40. Qxh2+ Kg6 41. Nf5 e6 42. Qh6+ Kf7 43. Qh7+ Kf8 44. Qh6+ Ke8 45. Nd4 Qf7 46. Qd2 b6 47. Nb5 Qd7 48. Qf2 Qd8 49. Rd1 Nf7 50. Nd4 Ng5 51. Qe2 g3 52. Rg1 Ke7 53. Nc6+ 1-0

[Event "GER-chT U14"]
[Site "Arendsee"]
[Date "2009.12.27"]
[Round "1.1"]
[White "Lienau, Henrik"]
[Black "Geiger, Markus"]
[Result "1-0"]
[WhiteElo "1707"]
[BlackElo "1504"]
[PlyCount "137"]
[EventDate "2009.12.27"]
[EventType "team-swiss"]
[EventRounds "7"]
[EventCountry "GER"]
[SourceTitle "EXT 2022"]
[Source "ChessBase"]
[SourceDate "2021.10.06"]
[SourceVersion "1"]
[SourceVersionDate "2021.10.06"]
[SourceQuality "1"]
[WhiteTeam "Stader SV U14"]
[BlackTeam "Balingen U14"]
[WhiteTeamCountry "GER"]
[BlackTeamCountry "GER"]

1. e4 e5 2. Nf3 Nc6 3. Nc3 Bc5 4. Nxe5 Bxf2+ 5. Kxf2 Nxe5 6. d4 Ng6 7. Be2 N8e7 8. Rf1 0-0 9. Kg1 d5 10. Bf3 c6 11. Be3 Be6 12. Qe1 Qd7 13. Na4 b6 14. Nc3 Rae8 15. Qg3 f5 16. exd5 cxd5 17. Be2 f4 18. Bxf4 Nf5 19. Qf2 Nfh4 20. Bb5 Qe7 21. Qg3 Nf5 22. Qd3 Rd8 23. Bd2 Rf7 24. Rae1 Qd6 25. Bg5 Rdf8 26. a3 h6 27. Bd2 Nfh4 28. Rxf7 Rxf7 29. Rf1 Rxf1+ 30. Qxf1 Nf5 31. Bd3 Nge7 32. Ne2 Qd7 33. c3 Nd6 34. Nf4 Bf5 35. Bxf5 Qxf5 36. Nd3 Qxf1+ 37. Kxf1 Kf7 38. Ke2 Ke6 39. Kf3 Kf6 40. Bf4 Nec8 41. a4 Nc4 42. b3 Na5 43. Be5+ Kf7 44. b4 Nc6 45. Kf4 N6e7 46. Kf3 Kg6 47. Nf4+ Kf7 48. h4 Ng6 49. Nxd5 Nxh4+ 50. Kg3 Ng6 51. Bb8 Nge7 52. Nxe7 Kxe7 53. Kf4 a6 54. Ke5 Kd7 55. c4 Ne7 56. d5 Ng6+ 57. Ke4 Ne7 58. c5 bxc5 59. bxc5 h5 60. c6+ Kc8 61. Bd6 Ng6 62. Kd4 Nh4 63. g3 Nf5+ 64. Kc5 g5 65. Be5 h4 66. gxh4 gxh4 67. d6 Ne3 68. d7+ Kd8 69. Bf6+ 1-0

[Event "GER-chT U14"]
[Site "Arendsee"]
[Date "2009.12.27"]
[Round "2.1"]
[White "Oberpriller, Johannes"]
[Black "Lienau, Henrik"]
[Result "1-0"]
[WhiteElo "1735"]
[BlackElo "1707"]
[PlyCount "75"]
[EventDate "2009.12.27"]
[EventType "team-swiss"]
[EventRounds "7"]
[EventCountry "GER"]
[SourceTitle "EXT 2022"]
[Source "ChessBase"]
[SourceDate "2021.10.06"]
[SourceVersion "1"]
[SourceVersionDate "2021.10.06"]
[SourceQuality "1"]
[WhiteTeam "Ergolding FC U14"]
[BlackTeam "Stader SV U14"]
[WhiteTeamCountry "GER"]
[BlackTeamCountry "GER"]

1. d4 Nf6 2. Nf3 g6 3. g3 Bg7 4. Bg2 0-0 5. 0-0 d6 6. c4 Nc6 7. Nc3 e5 8. dxe5 dxe5 9. Bg5 h6 10. Qxd8 Rxd8 11. Bxf6 Bxf6 12. Nd5 Bg7 13. Nxc7 Rb8 14. Rad1 Bg4 15. h3 Bd7 16. Rd2 Rbc8 17. Nb5 e4 18. Nh2 Ne5 19. Nd6 Be6 20. Rfd1 Rxd6 21. Rxd6 Rxc4 22. b3 Rc2 23. R6d2 Rc7 24. Bxe4 Bxh3 25. Rd8+ Kh7 26. Bg2 Be6 27. Nf1 Rc2 28. R8d2 Rc7 29. Ne3 h5 30. Nd5 Rd7 31. Nf4 Rxd2 32. Rxd2 Bh6 33. Bxb7 Bg4 34. f3 Bf5 35. Be4 Bxe4 36. fxe4 Ng4 37. Rd7 Kg7 38. Rxa7 1-0

[Event "Dresden ZMD op"]
[Site "Dresden"]
[Date "2009.07.25"]
[Round "1"]
[White "Schaefer, Erik"]
[Black "Lienau, Henrik"]
[Result "1-0"]
[WhiteElo "2164"]
[BlackElo "1753"]
[PlyCount "93"]
[EventDate "2009.07.25"]
[EventType "swiss"]
[EventRounds "9"]
[EventCountry "GER"]
[SourceTitle "CBM 131 Extra"]
[Source "ChessBase"]
[SourceDate "2009.09.03"]
[SourceVersion "2"]
[SourceVersionDate "2009.09.16"]
[SourceQuality "1"]

1. e4 c5 2. Nc3 Nc6 3. Nge2 g6 4. d4 cxd4 5. Nxd4 Bg7 6. Nde2 d6 7. g3 Nf6 8. Bg2 0-0 9. 0-0 Be6 10. h3 Rc8 11. Nf4 Bc4 12. Re1 Ne5 13. a4 b6 14. Nfd5 Nxd5 15. Nxd5 Bxd5 16. exd5 Qc7 17. Re2 Nc4 18. Rb1 Rfe8 19. b3 Ne5 20. c4 Qc5 21. Kh2 a6 22. f4 Nd7 23. Qe1 Bf8 24. Bb2 b5 25. cxb5 axb5 26. b4 Qb6 27. a5 Qb7 28. Rc1 Nb8 29. Rec2 Rxc2 30. Rxc2 Rc8 31. Rxc8 Qxc8 32. Qe2 Qb7 33. Qd3 Bg7 34. Bxg7 Kxg7 35. Bf1 Na6 36. Qd4+ Kg8 37. g4 Nc7 38. Bg2 Ne8 39. g5 Nc7 40. h4 Na6 41. f5 Qd7 42. Bh3 gxf5 43. h5 e5 44. Qb6 Nxb4 45. a6 f6 46. Qb8+ Kf7 47. Qh8 1-0

[Event "Niedersachsen-chT U14"]
[Site "Verden an der Aller"]
[Date "2009.05.24"]
[Round "7.1"]
[White "Lienau, Henrik"]
[Black "Oehne, Timo"]
[Result "1-0"]
[WhiteElo "1751"]
[BlackElo "1549"]
[PlyCount "107"]
[EventDate "2009.05.21"]
[EventType "team-tourn"]
[EventRounds "7"]
[EventCountry "GER"]
[SourceTitle "EXT 2010"]
[Source "ChessBase"]
[SourceDate "2010.11.25"]
[SourceVersion "1"]
[SourceVersionDate "2010.11.25"]
[SourceQuality "1"]
[WhiteTeam "Stade"]
[BlackTeam "Nordhorn Blanke"]
[WhiteTeamCountry "GER"]
[BlackTeamCountry "GER"]

1. e4 c6 2. d4 d5 3. exd5 cxd5 4. c4 e6 5. Nc3 Nf6 6. Nf3 Bb4 7. Bf4 Nc6 8. a3 Bxc3+ 9. bxc3 0-0 10. Be2 Ne4 11. Qc2 Qa5 12. cxd5 exd5 13. Rc1 Qxa3 14. 0-0 a5 15. Bd3 f5 16. Ne5 a4 17. f3 Nd6 18. Ra1 Nxd4 19. cxd4 Qb4 20. Qc5 Qxc5 21. dxc5 Nf7 22. c6 Nxe5 23. cxb7 Bxb7 24. Bxe5 Ba6 25. Bxa6 Rxa6 26. Rfd1 Rd8 27. Rd4 a3 28. Rd3 a2 29. Rd2 Rda8 30. Rxd5 Rb6 31. Rdd1 Kf7 32. Kf2 g6 33. Rd2 Ke6 34. Bf4 Rb4 35. g3 Rba4 36. Kg2 Kf6 37. h4 Ra3 38. Kf2 R3a4 39. Rc2 Ra3 40. Bc1 R3a4 41. Ke2 Ke5 42. Bb2+ Kd5 43. Kd2 Rc4 44. Rxc4 Kxc4 45. Kc2 Re8 46. Kd2 Rd8+ 47. Ke3 Re8+ 48. Kf4 Re2 49. Rxa2 Kb3 50. Ra7 Kxb2 51. Rxh7 Kc3 52. Rh6 Re6 53. h5 Kd4 54. Rxg6 1-0

[Event "Niedersachsen-ch U14"]
[Site "Rotenburg"]
[Date "2009.04.09"]
[Round "8"]
[White "Lienau, Henrik"]
[Black "Michalik, Marina"]
[Result "1-0"]
[WhiteElo "1751"]
[BlackElo "1257"]
[PlyCount "83"]
[EventDate "2009.04.04"]
[EventType "swiss"]
[EventRounds "9"]
[EventCountry "GER"]
[SourceTitle "EXT 2010"]
[Source "ChessBase"]
[SourceDate "2010.11.25"]
[SourceVersion "1"]
[SourceVersionDate "2010.11.25"]
[SourceQuality "1"]

1. e4 e5 2. Nf3 Nc6 3. Nc3 Nf6 4. a3 Bc5 5. Nxe5 Nxe5 6. d4 Bxd4 7. Qxd4 Nc6 8. Qd1 h6 9. Bd3 d6 10. 0-0 Be6 11. f4 0-0 12. Qf3 Re8 13. Qg3 Bd7 14. Bd2 Kh8 15. Rae1 Ng8 16. Nd5 Nge7 17. Bc3 Rg8 18. Qh4 Kh7 19. e5+ Bf5 20. Bxf5+ Nxf5 21. Qxd8 Raxd8 22. Nxc7 dxe5 23. fxe5 Ncd4 24. Bxd4 Nxd4 25. c3 Nc6 26. Rxf7 Rd2 27. e6 Kg6 28. Rf2 Rxf2 29. Kxf2 Ne7 30. Nb5 a6 31. Nd4 Rd8 32. Re5 Rc8 33. Re3 Rf8+ 34. Rf3 Re8 35. Rg3+ Kf6 36. Rf3+ Kg6 37. Ke3 Rd8 38. Ke4 b6 39. Rf7 Re8 40. Ke5 Kh7 41. Kd6 Ng6 42. Nf5 1-0

[Event "Niedersachsen-ch U14"]
[Site "Rotenburg"]
[Date "2009.04.05"]
[Round "2"]
[White "Thumulka, Patrick"]
[Black "Lienau, Henrik"]
[Result "1-0"]
[WhiteElo "1894"]
[BlackElo "1751"]
[PlyCount "31"]
[EventDate "2009.04.04"]
[EventType "swiss"]
[EventRounds "9"]
[EventCountry "GER"]
[SourceTitle "EXT 2010"]
[Source "ChessBase"]
[SourceDate "2010.11.25"]
[SourceVersion "1"]
[SourceVersionDate "2010.11.25"]
[SourceQuality "1"]

1. Nf3 Nf6 2. d4 g6 3. c4 Bg7 4. Nc3 0-0 5. e4 d6 6. Be2 e5 7. dxe5 dxe5 8. 0-0 Nc6 9. Bg5 Be6 10. Qc2 Qc8 11. Rad1 Ne8 12. Nd5 Bxd5 13. cxd5 f6 14. dxc6 fxg5 15. Qb3+ Kh8 16. cxb7 1-0

[Event "Niedersachsen-ch"]
[Site "Verden"]
[Date "2008.01.05"]
[Round "5"]
[White "Lienau, Henrik"]
[Black "Duchow, Julien"]
[Result "1-0"]
[WhiteElo "1364"]
[BlackElo "1057"]
[PlyCount "111"]
[EventDate "2008.01.03"]
[EventType "swiss"]
[EventRounds "7"]
[EventCountry "GER"]
[SourceTitle "EXT 2010"]
[Source "ChessBase"]
[SourceDate "2010.11.25"]
[SourceVersion "1"]
[SourceVersionDate "2010.11.25"]
[SourceQuality "1"]

1. e4 e5 2. Nf3 Nc6 3. Nc3 Bb4 4. Nd5 Ba5 5. c3 Nf6 6. b4 Bb6 7. Nxb6 axb6 8. d3 d5 9. exd5 Nxd5 10. Bd2 Qd6 11. b5 Nce7 12. c4 Nf6 13. a4 Bf5 14. Qb3 Ng6 15. Bb4 Qd7 16. g3 Ra7 17. Be2 e4 18. dxe4 Nxe4 19. Rd1 Qe6 20. Nd4 Qe5 21. Nxf5 Qxf5 22. Qe3 Qe6 23. Qd4 f6 24. Qd8+ Kf7 25. Qxc7+ Ne7 26. Bxe7 Rc8 27. Qd7 Nc3 28. Bb4+ Qxd7 29. Rxd7+ Ke6 30. Rd6+ Ke5 31. f4+ Kf5 32. Bxc3 Rxa4 33. 0-0 Ra2 34. g4+ Kg6 35. Bd3+ Kf7 36. Re1 Rc7 37. Bxh7 Re7 38. Bg6+ Kxg6 39. Rxe7 Rc2 40. Be1 Rxc4 41. Bd2 Rc8 42. Rdd7 Rg8 43. h4 Kh7 44. f5 Kh8 45. g5 fxg5 46. hxg5 Kh7 47. f6 Kh8 48. Rxg7 Rxg7 49. fxg7+ Kh7 50. Bc3 Kg6 51. Bf6 Kf5 52. g8Q Ke4 53. Qe6+ Kf3 54. Rd2 Kg3 55. Qe4 Kh3 56. Rd3# 1-0

[Event "Niedersachsen-chT U14"]
[Site "Stade"]
[Date "2007.05.20"]
[Round "7.4"]
[White "Lienau, Henrik"]
[Black "Detert, Marvin"]
[Result "0-1"]
[WhiteElo "1200"]
[BlackElo "1134"]
[PlyCount "140"]
[EventDate "2007.05.17"]
[EventType "team-tourn"]
[EventRounds "7"]
[EventCountry "GER"]
[SourceTitle "EXT 2008"]
[Source "ChessBase"]
[SourceDate "2007.11.25"]
[SourceVersion "1"]
[SourceVersionDate "2007.11.25"]
[SourceQuality "1"]

1. e4 e5 2. f4 Nc6 3. Nf3 exf4 4. d4 d6 5. Bxf4 Bg4 6. Bc4 Be7 7. 0-0 Nf6 8. h3 Bh5 9. Nc3 0-0 10. d5 Ne5 11. Bb3 Nxf3+ 12. gxf3 Rc8 13. Kh2 c6 14. Rg1 g6 15. Qe2 cxd5 16. Nxd5 Nxd5 17. Bxd5 Rc7 18. Bh6 Re8 19. Qg2 Bf6 20. c3 Qe7 21. Rae1 Rd8 22. f4 Rdd7 23. Bg5 Kh8 24. Bxf6+ Qxf6 25. Qg5 Qxg5 26. fxg5 Re7 27. Rgf1 Kg7 28. Rf6 Rcd7 29. Kg2 h6 30. h4 hxg5 31. hxg5 Rc7 32. Rxd6 Re5 33. Rf1 Rxg5+ 34. Kh3 Re5 35. Rdf6 Ree7 36. e5 Be2 37. R1f2 Bb5 38. e6 Be8 39. exf7 Bxf7 40. c4 Bxd5 41. cxd5 Rcd7 42. d6 Re3+ 43. R6f3 Rxf3+ 44. Rxf3 Rxd6 45. Rb3 Rd7 46. Kg3 Kf6 47. Kf3 Rg7 48. Kg2 Kg5 49. Rb5+ Kh6 50. Rb3 g5 51. Rb4 Kh5 52. Rb5 Kh4 53. Rb4+ g4 54. Rb5 Rc7 55. Rb4 b6 56. Ra4 Rc2+ 57. Kg1 Rxb2 58. Rxa7 b5 59. Ra5 b4 60. Rb5 Kg3 61. Kf1 Rxa2 62. Rxb4 Ra1+ 63. Ke2 Kh3 64. Kf2 Ra3 65. Rb8 Kh2 66. Rh8+ Rh3 67. Rxh3+ Kxh3 68. Kg1 Kg3 69. Kf1 Kh2 70. Kf2 g3+ 0-1

[Event "Niedersachsen-chT U14"]
[Site "Stade"]
[Date "2007.05.19"]
[Round "6.4"]
[White "Hellwig, Immo"]
[Black "Lienau, Henrik"]
[Result "0-1"]
[WhiteElo "1101"]
[BlackElo "1200"]
[PlyCount "118"]
[EventDate "2007.05.17"]
[EventType "team-tourn"]
[EventRounds "7"]
[EventCountry "GER"]
[SourceTitle "EXT 2008"]
[Source "ChessBase"]
[SourceDate "2007.11.25"]
[SourceVersion "1"]
[SourceVersionDate "2007.11.25"]
[SourceQuality "1"]

1. e4 g6 2. d4 Bg7 3. Be3 d6 4. Nf3 a6 5. Nbd2 Nd7 6. c3 Ngf6 7. Qc2 0-0 8. h4 c5 9. 0-0-0 b5 10. e5 Nd5 11. dxc5 Nxe3 12. fxe3 dxc5 13. h5 Nxe5 14. hxg6 fxg6 15. Nxe5 Bxe5 16. Nf3 Qc7 17. Ng5 Bf5 18. e4 Bf4+ 19. Kb1 Bxg5 20. exf5 Rxf5 21. Bd3 Rf6 22. Qe2 Raf8 23. Rhf1 Rxf1 24. Rxf1 Rxf1+ 25. Qxf1 Qf4 26. Qd1 Qd2 27. Qf1 e5 28. g3 c4 29. Bc2 Kg7 30. a3 Qe3 31. g4 h5 32. gxh5 gxh5 33. Bd1 Qc1+ 34. Ka2 Qf4 35. Qh1 Qh4 36. Qb7+ Be7 37. Qg2+ Qg5 38. Qh2 h4 39. Bf3 Qg3 40. Qd2 Bf6 41. Qd5 h3 42. Qb7+ Kg6 43. Qe4+ Kg5 44. Qe3+ Qf4 45. Qg1+ Kf5 46. Bg4+ Qxg4 47. Qf1+ Kg5 48. Qc1+ Kh5 49. Qc2 e4 50. Ka1 Qg2 51. Qd1+ Kg5 52. Qd5+ Kf4 53. Qd6+ Be5 54. Qh6+ Kf3 55. Qh5+ Kf2 56. Qf5+ Kg1 57. Qxe5 h2 58. Qc5+ Kh1 59. Qe3 Qg1+ 0-1

[Event "Niedersachsen-chT U14"]
[Site "Stade"]
[Date "2007.05.18"]
[Round "3.4"]
[White "Aldegeerds, Julian"]
[Black "Lienau, Henrik"]
[Result "0-1"]
[WhiteElo "958"]
[BlackElo "1200"]
[PlyCount "52"]
[EventDate "2007.05.17"]
[EventType "team-tourn"]
[EventRounds "7"]
[EventCountry "GER"]
[SourceTitle "EXT 2008"]
[Source "ChessBase"]
[SourceDate "2007.11.25"]
[SourceVersion "1"]
[SourceVersionDate "2007.11.25"]
[SourceQuality "1"]

1. e4 g6 2. Nf3 Bg7 3. d4 d6 4. h3 Nd7 5. Be3 Ngf6 6. Nc3 0-0 7. Qd2 c5 8. dxc5 Nxc5 9. Bxc5 dxc5 10. 0-0-0 Qb6 11. e5 Nd7 12. Nd5 Qe6 13. Kb1 Nxe5 14. Re1 Nxf3 15. gxf3 Bh6 16. Qd1 Qd7 17. Nxe7+ Kh8 18. Qe2 Bg5 19. Nd5 Qxd5 20. h4 Bf6 21. c4 Bf5+ 22. Ka1 Qd4 23. Bh3 Rae8 24. Rb1 Rxe2 25. Bf1 Bxb1 26. Bxe2 Qxb2# 0-1

[Event "GER-chT WK 3 U16"]
[Site "Kiel"]
[Date "2007.05.17"]
[Round "4.4"]
[White "Baum, Jarec"]
[Black "Lienau, Henrik"]
[Result "0-1"]
[WhiteElo "974"]
[BlackElo "1157"]
[PlyCount "88"]
[EventDate "2007.05.17"]
[EventType "team-swiss"]
[EventRounds "7"]
[EventCountry "GER"]
[SourceTitle "EXT 2008"]
[Source "ChessBase"]
[SourceDate "2007.11.25"]
[SourceVersion "1"]
[SourceVersionDate "2007.11.25"]
[SourceQuality "1"]

1. e4 g6 2. d4 Bg7 3. Nc3 d6 4. Nf3 Nf6 5. Bc4 Nxe4 6. Nxe4 d5 7. Bb5+ c6 8. Bxc6+ bxc6 9. Nc5 0-0 10. c3 Bg4 11. h3 Bf5 12. Be3 Nd7 13. Nxd7 Bxd7 14. Qd2 f6 15. b3 e5 16. dxe5 fxe5 17. Bg5 Qb6 18. Be3 Qa5 19. 0-0 Be6 20. Rfe1 e4 21. Nd4 Bd7 22. Rad1 c5 23. Ne2 Be6 24. Rc1 Rfd8 25. Red1 Rd7 26. Nf4 Bf7 27. Ne2 Rad8 28. Bg5 Rc8 29. Be3 c4 30. bxc4 Rxc4 31. Nd4 Rdc7 32. Nb3 Qa3 33. Bd4 Bxd4 34. cxd4 Rxc1 35. Rxc1 Rxc1+ 36. Qxc1 Qxa2 37. Qc8+ Kg7 38. Nc5 Qd2 39. Ne6+ Bxe6 40. Qxe6 Qe1+ 41. Kh2 Qxf2 42. Qe7+ Qf7 43. Qe5+ Kh6 44. Qf4+ Qxf4+ 0-1

[Event "GER-chT U12"]
[Site "Verden an der Aller"]
[Date "2006.12.28"]
[Round "4.3"]
[White "Lienau, Henrik"]
[Black "Weber, Clemens"]
[Result "0-1"]
[WhiteElo "1185"]
[BlackElo "1250"]
[PlyCount "88"]
[EventDate "2006.12.27"]
[EventType "team-swiss"]
[EventRounds "7"]
[EventCountry "GER"]
[SourceTitle "EXT 2008"]
[Source "ChessBase"]
[SourceDate "2007.11.25"]
[SourceVersion "1"]
[SourceVersionDate "2007.11.25"]
[SourceQuality "1"]
[WhiteTeam "Stader SV U12"]
[BlackTeam "Ettlingen U12"]
[WhiteTeamCountry "GER"]
[BlackTeamCountry "GER"]

1. e4 e5 2. f4 Bc5 3. Nf3 d6 4. Bc4 Nc6 5. Nc3 Nf6 6. d3 0-0 7. Na4 Bb6 8. Nxb6 axb6 9. 0-0 Be6 10. Bb5 Qe7 11. Bxc6 bxc6 12. fxe5 dxe5 13. Nxe5 Qd6 14. Bf4 Qe7 15. Nxc6 Qc5+ 16. d4 Qxc6 17. Qd3 Bc4 18. Qc3 Nxe4 19. Qf3 Bxf1 20. Rxf1 Qg6 21. Re1 Rfe8 22. Bxc7 Nd2 23. Rxe8+ Rxe8 24. Qd1 Re1+ 25. Qxe1 Nf3+ 26. Kf1 Nxe1 27. Kxe1 Qe4+ 28. Kd2 Qxd4+ 29. Kc1 Qg1+ 30. Kd2 Qxg2+ 31. Kc3 Qc6+ 32. Kb3 Qxc7 33. c3 b5 34. a3 f5 35. a4 bxa4+ 36. Kxa4 f4 37. Kb4 Kf7 38. c4 Ke6 39. b3 Ke5 40. Kb5 Kd4 41. Kb4 Qb6+ 42. Ka3 Kc3 43. Ka2 Qxb3+ 44. Ka1 Qb2# 0-1

[Event "GER-chT U12"]
[Site "Verden an der Aller"]
[Date "2006.12.27"]
[Round "2.3"]
[White "Lienau, Henrik"]
[Black "De Silva, Daniel"]
[Result "0-1"]
[WhiteElo "1185"]
[BlackElo "1061"]
[PlyCount "96"]
[EventDate "2006.12.27"]
[EventType "team-swiss"]
[EventRounds "7"]
[EventCountry "GER"]
[SourceTitle "EXT 2008"]
[Source "ChessBase"]
[SourceDate "2007.11.25"]
[SourceVersion "1"]
[SourceVersionDate "2007.11.25"]
[SourceQuality "1"]
[WhiteTeam "Stader SV U12"]
[BlackTeam "Hohenlimburg Turm U12"]
[WhiteTeamCountry "GER"]
[BlackTeamCountry "GER"]

1. e4 c5 2. Nf3 Nc6 3. d4 cxd4 4. Nxd4 d6 5. Nc3 Bd7 6. Be3 Nf6 7. f3 e5 8. Nb3 Be7 9. Qd2 0-0 10. 0-0-0 Nh5 11. g4 Nf4 12. Bxf4 exf4 13. Kb1 Ne5 14. Qxf4 Bg5 15. Qg3 Qf6 16. Bg2 Bh4 17. Qh3 h5 18. Nd5 Qd8 19. f4 Nxg4 20. Qf3 Nf2 21. Qxh5 Bg4 22. Nf6+ Qxf6 23. e5 dxe5 24. Qxe5 Qxe5 25. fxe5 Nxh1 26. Bxh1 Bxd1 27. Bxb7 Rad8 28. a3 Rd7 29. Bc6 Rc7 30. Be4 f5 31. exf6 gxf6 32. Kc1 Bh5 33. Bd5+ Bf7 34. Be4 Bxb3 35. Kb1 Bf7 36. Bd3 Re8 37. b3 Re1+ 38. Kb2 Kg7 39. Ka2 Bg6 40. Bxg6 Kxg6 41. Kb2 f5 42. a4 Bf6+ 43. Ka3 Rb7 44. b4 f4 45. c4 Re3+ 46. Ka2 Rxb4 47. c5 Rb2+ 48. Ka1 Re1# 0-1

[Event "GER North-chT U16"]
[Site "Magdeburg"]
[Date "2006.08.28"]
[Round "5.3"]
[White "Lienau, Henrik"]
[Black "Liebe, Luca"]
[Result "0-1"]
[WhiteElo "1028"]
[BlackElo "751"]
[PlyCount "48"]
[EventDate "2006.08.26"]
[EventType "team"]
[EventRounds "7"]
[EventCountry "GER"]
[SourceTitle "EXT 2007"]
[Source "ChessBase"]
[SourceDate "2006.11.23"]
[SourceVersion "1"]
[SourceVersionDate "2006.11.23"]
[SourceQuality "1"]

1. e4 e5 2. Nf3 Nc6 3. Nc3 Nf6 4. d3 Bb4 5. a3 Bxc3+ 6. bxc3 d5 7. exd5 Nxd5 8. d4 exd4 9. cxd4 Bg4 10. Bc4 Qe7+ 11. Qe2 Qxe2+ 12. Kxe2 Nxd4+ 13. Kd3 Nf5 14. Bxd5 0-0-0 15. Kc4 Nd6+ 16. Kb3 Be6 17. Bxe6+ fxe6 18. Ne5 Rhf8 19. f4 Ne4 20. Re1 Nc5+ 21. Kb2 Na4+ 22. Ka2 Rd5 23. Rh1 Rb5 24. Bd2 Rb2# 0-1

[Event "GER North-chT U16"]
[Site "Magdeburg"]
[Date "2006.08.27"]
[Round "3.3"]
[White "Lienau, Henrik"]
[Black "Galkin, Wladislaw"]
[Result "0-1"]
[WhiteElo "1028"]
[BlackElo "1544"]
[PlyCount "74"]
[EventDate "2006.08.26"]
[EventType "team"]
[EventRounds "7"]
[EventCountry "GER"]
[SourceTitle "EXT 2007"]
[Source "ChessBase"]
[SourceDate "2006.11.23"]
[SourceVersion "1"]
[SourceVersionDate "2006.11.23"]
[SourceQuality "1"]

1. e4 e5 2. Nf3 Nc6 3. Nc3 Nf6 4. d3 Bb4 5. Be2 d6 6. 0-0 Be6 7. a3 Bxc3 8. bxc3 h6 9. d4 exd4 10. cxd4 Nxe4 11. Qd3 d5 12. c4 Nf6 13. cxd5 Qxd5 14. Be3 0-0 15. Rac1 Rfd8 16. Rfd1 Ne4 17. h3 Bf5 18. Nh4 Ng3 19. Nxf5 Nxe2+ 20. Qxe2 Qxf5 21. Rc5 Rd5 22. g4 Qe4 23. Qb5 Rxc5 24. Qxc5 Qf3 25. Rb1 b6 26. Qc3 Rc8 27. Rb5 Na5 28. Kh2 Qf6 29. Qc2 Qd6+ 30. Kg1 Qxa3 31. d5 Qa1+ 32. Kg2 Qe5 33. Qc1 c6 34. Rb4 Qxd5+ 35. Kg3 Qd6+ 36. Rf4 g5 37. Qc2 gxf4+ 0-1

[Event "Niedersachsen-chT U14"]
[Site "Verden"]
[Date "2006.05.28"]
[Round "7.3"]
[White "Lienau, Henrik"]
[Black "Danitz, Niels Luca"]
[Result "1-0"]
[WhiteElo "1011"]
[BlackElo "777"]
[PlyCount "43"]
[EventDate "2006.05.25"]
[EventType "team"]
[EventRounds "7"]
[EventCountry "GER"]
[SourceTitle "EXT 2007"]
[Source "ChessBase"]
[SourceDate "2006.11.23"]
[SourceVersion "1"]
[SourceVersionDate "2006.11.23"]
[SourceQuality "1"]

1. e4 e5 2. f4 Nc6 3. Nf3 Bd6 4. c3 exf4 5. d4 Qe7 6. e5 Nh6 7. Bc4 0-0 8. 0-0 Bxe5 9. Nxe5 Qf6 10. Bxf4 Qh4 11. Bxh6 Qxh6 12. Nxf7 Qe3+ 13. Kh1 d6 14. Nxd6+ Be6 15. Rxf8+ Rxf8 16. Bxe6+ Qxe6 17. Nxb7 Qf5 18. Nd2 Qg6 19. Qb3+ Kh8 20. Qa3 Rf2 21. Rg1 Rxd2 22. Qf8# 1-0